000
00210 a2200097 4500
020
_a
9780316911481
041
_a
eng
100
_a
Von Ziegesar, Cecily
245
_a
You know you love me a Gossip Girl
942
_c
BK
999
_c
9299
_d
9299